| 000 | 00874nam a2200217Ia 4500 | ||
|---|---|---|---|
| 003 | Ost | ||
| 005 | 20260507075026.0 | ||
| 008 | 260507s9999||||xx |||||||||||||| ||und|| | ||
| 040 | _cfsecg | ||
| 041 | _aara | ||
| 082 | _a330 | ||
| 100 |
_aالحسنية، سليم ابراهيم _eمؤلف |
||
| 245 | 0 |
_aمبادئ نظم المعلومات الإدارية / _c سليم ابراهيم الحسنية |
|
| 250 | _aطبعة 2 | ||
| 260 |
_aعمان: _bمؤسسة الوراق للنشر والتوزيع, _c2002 |
||
| 300 |
_a447 صفحة؛ _bإيضاحات ؛ _c24 سم |
||
| 520 | _aمدخل الى نظم المعلومات الإدارية- تطور نظم المعلومات الإدارية - نظم المعلومات الإدارية | ||
| 653 | _aالإدارة | ||
| 653 | _aنظم المعلومات- المؤسسة الممتدة | ||
| 942 | _cكتاب | ||
| 999 |
_c42329 _d42329 |
||